Reglamento del Museo Marítimo : aprobado por la Excma. Diputación Provincial de Barcelona en la Sesión Plenaria del día 30 de junio de 1959 aprobado por la Excma. Diputación Provincial de Barcelona en la Sesión Plenaria del día 30 de junio de 1959

Publicat: Barcelona : Diputación Provincial de Barcelona , 1959
Descripció física: 19 p. ; 16 cm

MARC

LEADER 00000nam a2200000Ia 4500
001 22074
008 160829s1959 xx 000 0 cat d
080 |a FU-47-71 
245 |a Reglamento del Museo Marítimo :  |b  aprobado por la Excma. Diputación Provincial de Barcelona en la Sesión Plenaria del día 30 de junio de 1959 
260 |a Barcelona :  |b Diputación Provincial de Barcelona,  |c 1959 
300 |a 19 p. ;  |c 16 cm 
590 |a Prové de C-124, exp. 7 
650 |a Museu Marítim (Barcelona)  |x Reglaments i procediment  |9 47063 
700 |a Museu Marítim (Barcelona) 
710 1 |a Barcelona (Catalunya : Província).  |b Diputació  |9 52408 
901 |a Arxiu 
942 |n 1 
952 |0 0  |1 0  |4 0  |6 FU4771  |7 1  |9 53636  |a Arxiu  |b Arxiu  |d 2016-12-01  |l 0  |o FU-47-71  |p 22074  |r 2016-12-01 00:00:00  |w 2016-12-01  |y ARXIU 
999 |c 57502  |d 57502